Air Crash Pilot Match - Statistics

General Stats
  • This quiz has been taken 24 times
  • The average score is 8 of 20
Answer Stats
Hint Answer % Correct
Captain Chesley "Sully" Sullenberger US Airways Flight 1549
78%
First Officer Pierre-Cédric Bonin Air France Flight 447
67%
First Officer Andreas Lubitz Germanwings Flight 9525
67%
Captain Jacob Veldhuyzen van Zanten KLM Flight 4805
67%
Captain Park Yong-chul Korean Air Flight 801
67%
Captain Masami Takahama Japan Airlines Flight 123
56%
Captain Tim Lancaster British Airways Flight 5390
44%
First Officer Gameel Al-Batouti Egyptair Flight 990
33%
Captain Herminio dos Santos Fernandes LAM Mozambique Airlines Flight 470
33%
Captain Sajjad Gul Pakistan International Airlines Flight 8303
33%
Captain Tsu Way Ming SilkAir Flight 185
33%
Captain Carlos Dárdano TACA Flight 110
33%
Captain Al Haynes United Airlines Flight 232
33%
Captain Eric Moody British Airways Flight 009
22%
Captain Zaharie Ahmad Shah Malaysia Airlines Flight 370
22%
Captain Richard de Crespigny Qantas Flight 32
22%
Captain Tammie Jo Schults Southwest Airlines Flight 1380
22%
Captain Jim Collins Air New Zealand Flight 901
11%
Captain Candi Kubeck ValuJet Flight 592
11%
Captain Abid Sultan US-Bangla Airlines Flight 211
0%
No matching quizzes found
Score Distribution
Percent of People with Each Score
Percentile by Number Answered
Your Score History
You have not taken this quiz